The siege #17 [Large Print]/ Stephen White.
Available copies
- 1 of 1 copy available at LARL/NWRL Consortium.
Current holds
0 current holds with 1 total copy.
View other formats and editions
Show All Copies
| Location | Call Number / Copy Notes | Barcode | Shelving Location | Status | Due Date |
|---|---|---|---|---|---|
| Moorhead Public Library | LARGE PRINT WHI (Text) | 33500010187862 | Main | Available | - |
Record details
- ISBN: 9781410415882 (lg. print : hc : alk. paper)
- ISBN: 1410415880 (lg. print : hc : alk. paper)
- Physical Description: 669 p. (large print) : ill. ; 22 cm.
- Edition: Large print ed.
- Publisher: Waterville, Me. : Thorndike Press, 2009.
Content descriptions
| Summary, etc.: | Stephen White's Alan Gregory novels are beloved by ... Read More |
Search for related items by subject
| Subject: | Yale University > Fiction. Missing persons > Fiction. New Haven (Conn.) > Fiction. |
| Genre: | Mystery fiction. Suspense fiction. Large type books. |
Search for related items by series
| LDR | 01710cam a22003738a 4500 | ||
|---|---|---|---|
| 001 | 109829 | ||
| 003 | LARL_NWRL_CONSORTIUM | ||
| 005 | 20091002115818.0 | ||
| 008 | 090505r20092009meua d 000 1 eng | ||
| 020 | . | ‡a9781410415882 (lg. print : hc : alk. paper) | |
| 020 | . | ‡a1410415880 (lg. print : hc : alk. paper) | |
| 035 | . | ‡a(OCoLC)320185582 | |
| 043 | . | ‡an-us-ct | |
| 082 | 0 | 0. | ‡a813/.54 ‡222 |
| 100 | 1 | . | ‡aWhite, Stephen, ‡d1951- ‡0(LARL_NWRL_CONSORTIUM)99099 |
| 245 | 1 | 4. | ‡aThe siege ‡n#17 ‡h[Large Print]/ ‡cStephen White. |
| 250 | . | ‡aLarge print ed. | |
| 260 | . | ‡aWaterville, Me. : ‡bThorndike Press, ‡c2009. | |
| 300 | . | ‡a669 p. (large print) : ‡bill. ; ‡c22 cm. | |
| 490 | 0 | . | ‡aAlan Gregory ; ‡v#17 |
| 520 | . | ‡aStephen White's Alan Gregory novels are beloved by both fans and critics. But now, Gregory takes a back seat as his longtime friend Sam Purdy takes center stage. Readers should buckle in for a nonstop ride full of terror and pathos as a number of students - including the sons of both the Secretary of the Army and the newest Supreme Court justice - go missing from the Yale Campus, and attention focuses on the fortress-like tomb of one of Yale's secret societies. | |
| 610 | 2 | 0. | ‡aYale University ‡vFiction. |
| 650 | 0. | ‡aMissing persons ‡vFiction. ‡0(LARL_NWRL_CONSORTIUM)165976 | |
| 651 | 0. | ‡aNew Haven (Conn.) ‡vFiction. | |
| 655 | 7. | ‡aMystery fiction. ‡2gsafd | |
| 655 | 7. | ‡aSuspense fiction. ‡2gsafd | |
| 655 | 0. | ‡aLarge type books. | |
| 901 | . | ‡a109829 ‡bOCLC ‡c109829 ‡tbiblio | |

Add to basket
Permalink
Disable Highlighting